A Tale of two cities (Illustrated) (Record no. 44665)

MARC details
000 -LEADER
fixed length control field 00287nam a2200109Ia 4500
082 ## - DEWEY DECIMAL CLASSIFICATION NUMBER
Classification number 82-3
Item number DIC
100 ## - MAIN ENTRY--AUTHOR NAME
Personal name Dickens, Charles
245 #2 - TITLE STATEMENT
Title A Tale of two cities (Illustrated)
260 ## - PUBLICATION, DISTRIBUTION, ETC. (IMPRINT)
Place of publication Noida
Name of publisher Tinytot Publications
Year of publication 2012
942 ## - ADDED ENTRY ELEMENTS (KOHA)
Koha item type Books
Holdings
Withdrawn status Lost status Damaged status Not for loan Home library Current library Date acquired Source of acquisition Full call number Accession Number Koha item type
        RRII Library RRII Library 16/12/2021 Gift 82-3 DIC G01408 Books